000 00747nam a2200229Ia 4500
003 GCL
008 140319s9999 xx 000 0 ara d
020 _a6015101977
040 _aGCL /
_cGCL
082 0 4 _a780.92
_bن ا
100 1 _aنعمات احمد فؤاد
245 1 0 _aام كلثوم وعصر من الفن /
_cنعمات احمد فؤاد
260 _aالقاهرة :
_bالهيئة المصرية العامة للكتاب ،
_c1983
300 _a508 ص ؛
_c24 سم
650 0 4 _aالموسيقى
650 0 4 _aالموسيقيون المصريون
650 0 4 _aالغناء
650 0 4 _aالموسيقى الشرقية
650 0 4 _aام كلثوم
650 0 4 _aالموسيقيون - تراجم
942 _2ddc
_cBK
999 _c28376
_d28376